<?xml version="1.0" encoding="UTF-8"?>
<record
    xmlns:xsi="http://www.w3.org/2001/XMLSchema-instance"
    xsi:schemaLocation="http://www.loc.gov/MARC21/slim http://www.loc.gov/standards/marcxml/schema/MARC21slim.xsd"
    xmlns="http://www.loc.gov/MARC21/slim">

  <leader>02133nam a22003137a 4500</leader>
  <controlfield tag="001">289</controlfield>
  <controlfield tag="003">OSt</controlfield>
  <controlfield tag="005">20250617151231.0</controlfield>
  <controlfield tag="008">250317b        |||||||g |||| 00| 0 eng d</controlfield>
  <datafield tag="020" ind1=" " ind2=" ">
    <subfield code="a">8501029122</subfield>
  </datafield>
  <datafield tag="040" ind1=" " ind2=" ">
    <subfield code="b">por</subfield>
  </datafield>
  <datafield tag="041" ind1=" " ind2=" ">
    <subfield code="h">eng</subfield>
    <subfield code="a">por</subfield>
  </datafield>
  <datafield tag="082" ind1=" " ind2=" ">
    <subfield code="a">158.1</subfield>
    <subfield code="b">F828c</subfield>
  </datafield>
  <datafield tag="100" ind1="1" ind2=" ">
    <subfield code="a">Frank, Milo O.,</subfield>
    <subfield code="d">1928-</subfield>
    <subfield code="9">543</subfield>
  </datafield>
  <datafield tag="240" ind1=" " ind2=" ">
    <subfield code="a">How to get your point across in 30 seconds</subfield>
  </datafield>
  <datafield tag="245" ind1=" " ind2=" ">
    <subfield code="a">Como apresentar suas ideias em 30 segundos, ou menos</subfield>
    <subfield code="c">Frank, MIlo. O. ; Tradu&#xE7;&#xE3;o de Mario Silvio Molina</subfield>
  </datafield>
  <datafield tag="250" ind1=" " ind2=" ">
    <subfield code="a">14&#xB0; ed.</subfield>
  </datafield>
  <datafield tag="260" ind1=" " ind2=" ">
    <subfield code="a">Rio de Janeiro</subfield>
    <subfield code="b">Record</subfield>
    <subfield code="c">2003</subfield>
  </datafield>
  <datafield tag="300" ind1=" " ind2=" ">
    <subfield code="a">129 p.</subfield>
  </datafield>
  <datafield tag="520" ind1=" " ind2=" ">
    <subfield code="a">O mundo contempor&#xE2;neo exige que as pessoas vivam a mil, sempre apressadas, resolvendo milhares de problemas no mesmo tempo. Se voc&#xEA; tem grandes objetivos na vida, n&#xE3;o pode deixar ningu&#xE9;m esperando, precisa ser o primeiro a chegar e defender objetivamente suas opini&#xF5;es. Como apresentar suas id&#xE9;ias em 30 segundos &#x2013; ou menos mostra que voc&#xEA; pode ser &#xE1;gil para acompanhar o ritmo das negocia&#xE7;&#xF5;es e das rela&#xE7;&#xF5;es com chefes, subordinados e colegas de trabalho.Saber se expressar &#xE9; fundamental para difundir id&#xE9;ias, defender argumentos, convencer e fazer valer suas opini&#xF5;es. Comunica&#xE7;&#xE3;o eficaz &#xE9; transmitir para outros aquilo que est&#xE1; guardando em sua mente, &#xE9; compartilhar pensamentos e interagir com o mundo em sua &#xE0; sua volta. No entanto, o mundo n&#xE3;o vai esperar que voc&#xEA; elabore argumentos minuciosos e apresente coisas irrelevantes. &#xC9; necess&#xE1;rio aprender a falar aquilo que importa; capturar a aten&#xE7;&#xE3;o das pessoas por tempo suficiente para que entendam o que voc&#xEA; est&#xE1; dizendo e fa&#xE7;am aquilo que voc&#xEA; deseja. Trinta segundos &#xE9; tudo que se tem para expressar suas opini&#xF5;es e conquistar o interesse de seu interlocutor. Este livro ensina como atingir n&#xED;veis de sucesso nunca imaginados.</subfield>
  </datafield>
  <datafield tag="650" ind1=" " ind2="0">
    <subfield code="a">Literatura Americana</subfield>
    <subfield code="9">84</subfield>
  </datafield>
  <datafield tag="650" ind1=" " ind2="0">
    <subfield code="a">Comunica&#xE7;&#xE3;o</subfield>
    <subfield code="9">544</subfield>
  </datafield>
  <datafield tag="650" ind1=" " ind2="0">
    <subfield code="a">Auto Conhecimento</subfield>
    <subfield code="9">19</subfield>
  </datafield>
  <datafield tag="650" ind1=" " ind2="0">
    <subfield code="a">Administra&#xE7;&#xE3;o</subfield>
    <subfield code="9">545</subfield>
  </datafield>
  <datafield tag="650" ind1=" " ind2="0">
    <subfield code="a">Desenvolvimento Pessoal</subfield>
    <subfield code="9">546</subfield>
  </datafield>
  <datafield tag="655" ind1=" " ind2="0">
    <subfield code="a">N&#xE3;o Fic&#xE7;&#xE3;o</subfield>
    <subfield code="9">102</subfield>
  </datafield>
  <datafield tag="700" ind1=" " ind2=" ">
    <subfield code="a">Mario Silvio Molina</subfield>
    <subfield code="e">Tradu&#xE7;&#xE3;o</subfield>
    <subfield code="9">547</subfield>
  </datafield>
  <datafield tag="942" ind1=" " ind2=" ">
    <subfield code="2">ddc</subfield>
    <subfield code="n">0</subfield>
    <subfield code="c">BK</subfield>
  </datafield>
  <datafield tag="952" ind1=" " ind2=" ">
    <subfield code="0">0</subfield>
    <subfield code="1">0</subfield>
    <subfield code="2">ddc</subfield>
    <subfield code="4">0</subfield>
    <subfield code="7">0</subfield>
    <subfield code="8">NFIC</subfield>
    <subfield code="a">BIBIB</subfield>
    <subfield code="b">BIBIB</subfield>
    <subfield code="c">AU</subfield>
    <subfield code="d">2025-03-17</subfield>
    <subfield code="e">doa&#xE7;&#xE3;o</subfield>
    <subfield code="l">0</subfield>
    <subfield code="o">158.1 / F828c</subfield>
    <subfield code="p">2025-17206</subfield>
    <subfield code="r">2025-03-17 09:42:16</subfield>
    <subfield code="w">2025-03-17</subfield>
    <subfield code="y">BK</subfield>
  </datafield>
  <datafield tag="999" ind1=" " ind2=" ">
    <subfield code="c">289</subfield>
    <subfield code="d">289</subfield>
  </datafield>
</record>
